000 02013cam a2200361 i 4500
999 _c39846
_d39846
001 39846
003 Mx-PuUPA
005 20250429090907.0
008 140415s2000 fr a r 000 0 mul d
020 _a9789264178823
040 _aMX-PuUPA
_bspa
_erda
_cMx-PuUPA
_dMx-PuUPA
041 0 _aspa
110 2 _aOrganisation for Economic Co-operation and Development,
_eautor
_96041
245 1 0 _aMejoramiento de edificios escolares en México con participación social : programas mejores escuelas =
_bUpgrading school buildings in Mexico with social participation : the better schools programme /
_cAlastair Blyth, Rodolfo Almeida, David Forrester [y otros dos].
246 3 3 _aUpgrading school buildings in Mexico with social participation : the better schools programme.
264 1 _aMéxico, D.F. :
_bOECD Publishing,
_c2000
300 _a120 páginas :
_bilustraciones ;
_c28 cm.
336 _atexto
_2rdacontent
_btxt
337 _asin medio
_2rdamedia
_bn
337 _asin medio
_2rdamedia
_bn
338 _avolumen
_2rdacarrier
_bnc
338 _aremoto
_2rdacarrier
_bnc
650 4 _aEscuela activa
_xMantenimiento y reparación
_zMéxico
650 4 _aEducación
_zMéxico
_xAsistencia económica
_xEvaluación
650 4 _aInfraestructura (Educación)
_zMéxico
700 1 _aBlyth, Alastair,
_ecolaborador
700 1 _aAlmeida, Rodolfo,
_ecolaborador
700 1 _aForrester, David,
_ecolaborador
776 1 8 _iReproducción digital (manifestación):
_aOrganisation for Economic Co-operation and Development
_tMejoramiento de edificios escolares en México con participación social : programas mejores escuelas = Upgrading school buildings in Mexico with social participation : the better schools programme /
_z9789264183766
856 4 0 _aoecd-ilibrary.org
_uhttp://dx.doi.org/101787/97892641178823-en
_uhttp://dx.doi.org/101787/97892641178823-N
_yTexto completo
_zVersión digital, incluye tabla de contenido.
942 _2ddc
_cLI
_h353.80972
_iO685